000 00214nam a2200097Ia 4500
008 190216s9999||||xx |||||||||||||| ||und||
100 _aNull
245 0 _aHindi-Paithal Andhere Mein
260 _bShilpi
942 _cBK
999 _c18070
_d18070